[Event "SportAccord Blitz w 2014"]
[Site "Beijing CHN"]
[Date "2014.12.15"]
[Round "28.2"]
[White "Koneru, Humpy"]
[Black "Ju, Wenjun"]
[Result "1-0"]
[WhiteTitle "GM"]
[BlackTitle "GM"]
[WhiteElo "2581"]
[BlackElo "2568"]
[WhiteFideId "5008123"]
[BlackFideId "8603006"]
[EventDate "2014.12.13"]

1. d4 Nf6 2. c4 g6 3. Nc3 Bg7 4. e4 d6 5. h3 O-O 6. Be3 c5 7. Nf3 cxd4 8. Nxd4
Nc6 9. Be2 Nxd4 10. Bxd4 Bd7 11. O-O Bc6 12. Qd3 a6 13. b3 Rc8 14. Rac1 Qa5 15.
Rfd1 Nd7 16. Bxg7 Kxg7 17. Qd4+ Kg8 18. Bg4 Rfd8 19. f4 Rc7 20. Bxd7 Rdxd7 21.
Kh1 Rc8 22. Qf2 Rdd8 23. f5 Qe5 24. Rf1 Rf8 25. f6 exf6 26. Qxf6 Rce8 27. Qxe5
Rxe5 28. Rcd1 Bxe4 29. Nxe4 Rxe4 30. Rxd6 Rfe8 31. Rd7 R8e7 32. Rfd1 Kg7 33.
R1d6 f5 34. Rxe7+ Rxe7 35. Rb6 Kh6 36. Kg1 Kg5 37. Kf2 Kf4 38. a4 Rd7 39. Ke2
Kg3 40. Kf1 f4 41. c5 Rd1+ 42. Ke2 Rc1 43. b4 Kxg2 44. Rxb7 f3+ 45. Kd2 f2 46.
Rf7 f1=Q 47. Rxf1 Rxf1 48. c6 Rf6 49. b5 axb5 50. axb5 Rf5 51. c7 Rc5 52. b6
Kxh3 53. Kd3 h5 54. Kd4 Rc1 55. Kd5 g5 56. Kd6 g4 57. b7 g3 58. c8=Q+ Rxc8 59.
bxc8=Q+ Kh2 60. Qh8 1-0

[Event "SportAccord Blitz w 2014"]
[Site "Beijing CHN"]
[Date "2014.12.15"]
[Round "28.3"]
[White "Hou, Yifan"]
[Black "Muzychuk, Mariya"]
[Result "1-0"]
[WhiteTitle "GM"]
[BlackTitle "IM"]
[WhiteElo "2673"]
[BlackElo "2529"]
[WhiteFideId "8602980"]
[BlackFideId "14114550"]
[EventDate "2014.12.13"]

1. e4 c5 2. Nc3 e6 3. Nge2 a6 4. g3 b5 5. Bg2 Bb7 6. d4 cxd4 7. Nxd4 Nf6 8. O-O
b4 9. Na4 Bxe4 10. Bxe4 Nxe4 11. Re1 d5 12. Qh5 g6 13. Qe5 Rg8 14. Nxe6 Bd6 15.
Qxd5 fxe6 16. Qxe6+ Kf8 17. Bh6+ Rg7 18. Bxg7+ Kxg7 19. Qxe4 Nd7 20. Rad1 Nf6
21. Qb7+ Kh6 22. Rxd6 Qxd6 23. Qxa8 Ng4 24. Qf3 1-0

[Event "SportAccord Blitz w 2014"]
[Site "Beijing CHN"]
[Date "2014.12.15"]
[Round "28.4"]
[White "Cramling, Pia"]
[Black "Zhao, Xue"]
[Result "0-1"]
[WhiteTitle "GM"]
[BlackTitle "GM"]
[WhiteElo "2518"]
[BlackElo "2514"]
[WhiteFideId "1700030"]
[BlackFideId "8601283"]
[EventDate "2014.12.13"]

1. d4 Nf6 2. Nf3 e6 3. e3 b6 4. Bd3 Bb7 5. O-O c5 6. c4 Be7 7. Nc3 cxd4 8. exd4
O-O 9. d5 h6 10. Bc2 Bb4 11. dxe6 dxe6 12. Qe2 Nbd7 13. Bd2 Rc8 14. a3 Be7 15.
Rac1 Qc7 16. Nb5 Qb8 17. Rfe1 Rfe8 18. Bb1 Nc5 19. Nbd4 Rcd8 20. b4 Nce4 21. Be3
Ng4 22. h3 Nxe3 23. Qxe3 Nf6 24. Ne5 Bd6 25. Nec6 Bf4 26. Qc3 Bxc6 27. Nxc6 Bd2
28. Qf3 Qc7 29. Nxd8 Rxd8 30. Ba2 Bxe1 31. Rxe1 Rd2 32. Bb3 Qd7 33. Rd1 Rxd1+
34. Qxd1 Qc7 35. Qd4 Nd7 36. Bc2 g6 37. Be4 h5 38. h4 Kf8 39. g3 Ke7 40. Kg2 Nf6
41. Bf3 Nd7 42. Be4 Qd6 43. Qe3 Qc7 44. Qd4 Qe5 45. Qd3 Qb2 46. Qe3 Qe5 47. Qd3
Qc7 48. Qd4 Nf6 49. Bf3 Nd7 50. Be4 Qe5 51. Qd3 Qb2 52. Qe3 Qe5 53. Qd3 Qd6 54.
Qe3 Kf6 55. Qg5+ Kg7 56. Qe3 Kf8 57. Qh6+ Ke7 58. Qg5+ Ke8 59. Qe3 Qc7 60. Qd3
Ne5 61. Qd4 Nxc4 62. Qg7 Qe5 63. Bc6+ Ke7 64. Qg8 Qc7 65. Qe8+ Kf6 66. Bf3 Ne5
67. Ba8 Qd7 68. Qh8+ Kf5 69. Qb8 Nd3 70. f3 Kf6 71. Be4 Nb2 72. Qf4+ Ke7 73.
Qg5+ Ke8 74. Qe5 Nc4 75. Qh8+ Ke7 76. Qc3 Qd2+ 77. Qxd2 Nxd2 78. Bd3 Kd6 79. Bb5
Nb3 80. Kf2 Nd4 81. Bd3 a5 82. Ke3 Nc6 83. bxa5 Nxa5 84. Kd2 Kc5 85. Kc3 Nc6 86.
Be4 Nd4 87. Kd2 Nb5 88. a4 Nd4 89. g4 f5 90. Bb7 fxg4 91. fxg4 hxg4 92. Ke3 Nf5+
93. Kf4 Nxh4 94. Kxg4 Nf5 95. Kg5 Nd6 96. Bg2 e5 97. Kxg6 e4 98. Kg5 Kd4 99. Kf6
Nc4 100. Ke7 Nb2 101. Kd6 Nxa4 102. Kc6 e3 103. Bf3 Kc4 104. Be2+ Kb4 105. Bf3
b5 106. Be2 Nc3 107. Bd3 0-1

[Event "SportAccord Blitz w 2014"]
[Site "Beijing CHN"]
[Date "2014.12.15"]
[Round "28.5"]
[White "Khotenashvili, Bela"]
[Black "Dzagnidze, Nana"]
[Result "1/2-1/2"]
[WhiteTitle "GM"]
[BlackTitle "GM"]
[WhiteElo "2504"]
[BlackElo "2570"]
[WhiteFideId "13602640"]
[BlackFideId "13601903"]
[EventDate "2014.12.13"]

1. d4 Nf6 2. Nf3 e6 3. Bg5 Be7 4. e3 d5 5. Nbd2 O-O 6. Bd3 h6 7. Bh4 b6 8. h3
Ba6 9. Bxa6 Nxa6 10. c3 c5 11. Qe2 Nb8 12. Ne5 Nfd7 13. Bxe7 Qxe7 14. f4 Nxe5
15. fxe5 f6 16. exf6 Rxf6 17. O-O-O Nc6 18. Rhf1 e5 19. Rxf6 Qxf6 20. Qg4 cxd4
21. Rf1 Qd6 22. exd4 exd4 23. cxd4 Re8 24. a3 Re6 25. Nb1 Re4 26. Qc8+ Kh7 27.
Nc3 Rf4 28. Rd1 Rxd4 29. Qf5+ Qg6 30. Qxg6+ Kxg6 31. Rxd4 Nxd4 32. Nxd5 Kf5 33.
Kd2 Ke4 34. Nc7 g5 35. Ne8 Ne6 36. Ke2 Nf4+ 37. Kf1 Nd3 38. b4 Ne5 39. Nd6+ Kd5
40. Nc8 Nc4 41. a4 a5 42. bxa5 bxa5 43. Ne7+ Ke4 44. Nc6 Kd5 45. Ne7+ Ke4 46.
Ke2 Nb2 47. Nc6 Nxa4 48. Nxa5 Nc3+ 49. Kf2 Nd5 50. Nc4 Nf4 51. Nd6+ Ke5 52. Nf7+
Kf6 53. Nxh6 Kg6 54. Ng4 Kf5 55. Ne3+ Kg6 56. Kf3 Nd3 57. g3 Kf6 58. Nd5+ Kf5
59. Ne7+ Kf6 60. Nc6 Kf5 61. g4+ Kf6 62. Nd4 Ke5 63. Nf5 Kf6 64. Nd6 Ne5+ 65.
Ke4 Ng6 66. Ne8+ Ke7 67. Nc7 Nh4 68. Nd5+ Ke6 69. Ne3 Kf6 70. Nf5 Ng2 71. Nd4
Nh4 72. Nf3 Ng6 73. Nd4 Nh4 74. Nf3 Ng6 75. Nd4 Nh4 76. Nf3 1/2-1/2

[Event "SportAccord Blitz w 2014"]
[Site "Beijing CHN"]
[Date "2014.12.15"]
[Round "28.7"]
[White "Ushenina, Anna"]
[Black "Kosintseva, Tatiana"]
[Result "1/2-1/2"]
[WhiteTitle "GM"]
[BlackTitle "GM"]
[WhiteElo "2494"]
[BlackElo "2483"]
[WhiteFideId "14110911"]
[BlackFideId "4133471"]
[EventDate "2014.12.13"]

1. d4 Nf6 2. Nf3 e6 3. e3 d5 4. Bd3 Be7 5. O-O O-O 6. b3 b6 7. Bb2 Bb7 8. Nbd2
c5 9. Ne5 Nc6 10. a3 Nd7 11. Nxc6 Bxc6 12. f4 Bf6 13. Rb1 b5 14. Nf3 c4 15. Be2
g6 16. Bc3 Bg7 17. Bb4 Re8 18. Bd6 f6 19. a4 Nb6 20. Bc5 bxa4 21. Bxb6 axb6 22.
bxc4 dxc4 23. Bxc4 a3 24. Qd3 Bd5 25. Bb5 Re7 26. c4 Bxf3 27. Rxf3 Rea7 28. Rf2
e5 29. f5 exd4 30. exd4 gxf5 31. Bc6 Rc8 32. Bd5+ Kh8 33. Qxf5 Qc7 34. Ra2 Re8
35. Qf3 f5 36. Rxa3 Bxd4+ 37. Kh1 Rxa3 38. Qxa3 Qe5 39. Qd3 Bc5 40. Rf1 f4 41.
Qf3 Qg5 42. Be4 Be3 43. h3 Qe5 44. Bd5 Qg7 45. Rb1 Rf8 46. Be4 Rd8 47. Bd5 Qe5
48. Rf1 Rf8 49. Rd1 Qg7 50. Qe2 Bc5 51. Bf3 Qf6 52. Qd3 Kg7 53. Qd5 Re8 54. Qd7+
Re7 55. Qg4+ Kh6 56. Qh5+ Kg7 57. Qg4+ Kh6 58. Qh5+ Kg7 59. Qg4+ Kh6 1/2-1/2

[Event "SportAccord Blitz w 2014"]
[Site "Beijing CHN"]
[Date "2014.12.15"]
[Round "28.8"]
[White "Paehtz, Elisabeth"]
[Black "Harika, Dronavalli"]
[Result "0-1"]
[WhiteTitle "IM"]
[BlackTitle "GM"]
[WhiteElo "2485"]
[BlackElo "2505"]
[WhiteFideId "4641833"]
[BlackFideId "5015197"]
[EventDate "2014.12.13"]

1. e4 e6 2. d4 d5 3. Nc3 Bb4 4. e5 c5 5. Bd2 Ne7 6. a3 Bxc3 7. Bxc3 b6 8. Qg4
O-O 9. h4 f5 10. exf6 Rxf6 11. Qg5 Rf5 12. Qg3 Nbc6 13. Bd3 cxd4 14. Bd2 Rf7 15.
Nf3 Nf5 16. Qh2 e5 17. g4 e4 18. gxf5 exd3 19. O-O-O Bxf5 20. Ng5 Rf8 21. Rhg1
Rc8 22. Qg3 Qd7 23. Bf4 dxc2 24. Rd2 d3 25. Nf3 Na5 26. Nd4 Rc4 27. Be5 g6 28.
Rxd3 Bxd3 29. Qxd3 Qf7 30. h5 Rxd4 31. Bxd4 Qf5 32. Qxf5 Nb3+ 0-1

[Event "SportAccord Blitz w 2014"]
[Site "Beijing CHN"]
[Date "2014.12.15"]
[Round "29.1"]
[White "Koneru, Humpy"]
[Black "Hou, Yifan"]
[Result "0-1"]
[WhiteTitle "GM"]
[BlackTitle "GM"]
[WhiteElo "2581"]
[BlackElo "2673"]
[WhiteFideId "5008123"]
[BlackFideId "8602980"]
[EventDate "2014.12.13"]

1. d4 e6 2. Nf3 f5 3. g3 b6 4. Bg2 Bb7 5. O-O Nf6 6. c4 Be7 7. Nc3 O-O 8. b3 a5
9. Bb2 Na6 10. a3 Qe8 11. e3 Rb8 12. Nd2 Bxg2 13. Kxg2 c5 14. Qe2 Nc7 15. Rad1
d6 16. Nf3 Kh8 17. a4 Na6 18. e4 fxe4 19. Nxe4 cxd4 20. Bxd4 Nc5 21. Bxf6 Bxf6
22. Nxd6 Qc6 23. Qe3 Be7 24. Nb5 Bg5 25. Nd4 Bxe3 26. Nxc6 Rbc8 27. fxe3 Rxc6
28. Ne5 Rcc8 29. Rxf8+ Rxf8 30. Rd6 Rb8 31. Rc6 h6 32. Kf3 Rb7 33. Ke2 Nxb3 34.
Rxe6 Nc5 35. Re8+ Kh7 36. h4 g6 37. Rd8 Nxa4 38. Rd6 Nc5 39. Nd3 Ne4 40. Rc6
Nxg3+ 41. Kf3 Nf5 42. h5 gxh5 43. Kf4 Ne7 44. Re6 Ng6+ 45. Kf5 Rf7+ 46. Ke4 Re7
47. Kd5 Rxe6 48. Kxe6 h4 49. Kf5 h3 50. Nf2 h2 51. Kg4 a4 52. Kh3 a3 0-1

[Event "SportAccord Blitz w 2014"]
[Site "Beijing CHN"]
[Date "2014.12.15"]
[Round "29.2"]
[White "Gunina, Valentina"]
[Black "Paehtz, Elisabeth"]
[Result "1-0"]
[WhiteTitle "GM"]
[BlackTitle "IM"]
[WhiteElo "2522"]
[BlackElo "2485"]
[WhiteFideId "4167570"]
[BlackFideId "4641833"]
[EventDate "2014.12.13"]

1. d4 d6 2. Nf3 g6 3. g3 Bg7 4. Bg2 Nf6 5. O-O O-O 6. c4 c6 7. Nc3 Qb6 8. e4 Bg4
9. h3 Bxf3 10. Bxf3 Nfd7 11. d5 Na6 12. Rb1 Nac5 13. Be3 a5 14. Be2 Qc7 15. Qd2
Bxc3 16. Qxc3 Nxe4 17. Qd4 Nef6 18. Bh6 Rfe8 19. Bf3 Ne5 20. Bg2 cxd5 21. cxd5
Qc4 22. Qd2 Rec8 23. Rfd1 Qxa2 24. f4 Ned7 25. g4 Qb3 26. Rbc1 a4 27. Re1 Re8
28. Rc3 Qb4 29. Qe2 Nc5 30. Re3 Qd4 31. Rd1 Qb4 32. Kh2 b6 33. Rxe7 Ncd7 34. Re1
Rxe7 35. Qxe7 Rc8 36. Re6 Qxb2 37. g5 fxe6 38. Qg7# 1-0

[Event "SportAccord Blitz w 2014"]
[Site "Beijing CHN"]
[Date "2014.12.15"]
[Round "29.3"]
[White "Harika, Dronavalli"]
[Black "Ushenina, Anna"]
[Result "1/2-1/2"]
[WhiteTitle "GM"]
[BlackTitle "GM"]
[WhiteElo "2505"]
[BlackElo "2494"]
[WhiteFideId "5015197"]
[BlackFideId "14110911"]
[EventDate "2014.12.13"]

1. d4 d5 2. Bg5 h6 3. Bh4 c5 4. dxc5 Qa5+ 5. Nc3 e6 6. e3 Qxc5 7. Nf3 Nf6 8. Be2
Be7 9. Qd4 Nc6 10. Qxc5 Bxc5 11. a3 O-O 12. O-O Be7 13. Rfd1 b6 14. Nb5 Bb7 15.
c4 dxc4 16. Bxc4 Rfd8 17. Rac1 a6 18. Nbd4 Nxd4 19. Nxd4 Rac8 20. Be2 Kf8 21.
Bf3 Bxf3 22. gxf3 Rc5 23. b4 Rcd5 24. Re1 a5 25. Nc6 Ra8 26. Red1 Rxd1+ 27. Rxd1
axb4 28. axb4 g5 29. Bg3 Nd5 30. b5 Bc5 31. Be5 f6 32. e4 fxe5 33. exd5 exd5 34.
Rxd5 Ra2 35. Rxe5 Bxf2+ 36. Kh1 Bc5 37. Rf5+ Kg7 38. Ne5 Rb2 39. Rf7+ Kg8 40.
Rb7 Rxb5 41. Ng4 h5 42. Nf6+ Kf8 43. Nd7+ Ke8 44. Nxc5 Rxc5 45. Rxb6 h4 46. Kg2
Kf7 47. Ra6 Rc2+ 48. Kh3 Rf2 49. Ra3 Kg6 50. Kg4 Rg2+ 51. Kh3 Rg1 52. Ra6+ Kf5
53. Ra8 Kf4 54. Rf8+ Ke3 55. Rf5 Kf2 56. f4 g4+ 57. Kxh4 Kf3 58. Rf8 Rh1 59. f5
Rxh2+ 60. Kg5 g3 61. Ra8 g2 62. Ra3+ Kf2 63. Ra2+ Kf1 64. Ra1+ Kf2 65. Ra2+ Kf1
66. Ra1+ Kf2 67. Ra2+ Kf1 1/2-1/2

[Event "SportAccord Blitz w 2014"]
[Site "Beijing CHN"]
[Date "2014.12.15"]
[Round "29.5"]
[White "Muzychuk, Anna"]
[Black "Khotenashvili, Bela"]
[Result "1-0"]
[WhiteTitle "GM"]
[BlackTitle "GM"]
[WhiteElo "2545"]
[BlackElo "2504"]
[WhiteFideId "14111330"]
[BlackFideId "13602640"]
[EventDate "2014.12.13"]

1. e4 c6 2. d4 d5 3. Nc3 g6 4. Nf3 Bg7 5. h3 Nh6 6. Bd3 O-O 7. O-O f6 8. Qe2 Nf7
9. Rd1 Re8 10. Be3 a6 11. Na4 Nd7 12. exd5 cxd5 13. c4 b5 14. cxb5 Qa5 15. Nc3
e6 16. Bf4 Bf8 17. a3 axb5 18. Nxd5 Nd6 19. Nc3 b4 20. Ne4 Nf5 21. Bb5 Bg7 22.
a4 Ba6 23. Rac1 Bxb5 24. axb5 Rac8 25. Rxc8 Rxc8 26. Nd6 Nxd6 27. Qxe6+ Nf7 28.
Qxd7 Rd8 29. Qc6 Qa4 30. Re1 g5 31. Bc7 Rf8 32. d5 f5 33. b6 Qb3 34. b7 g4 35.
b8=Q Rxb8 36. Bxb8 gxf3 37. Qc8+ Bf8 38. Qxf5 Qxb2 39. Qg4+ Kh8 40. Re8 Qc1+ 41.
Kh2 Qc5 42. Qxf3 Kg8 43. Qg4+ Kh8 44. Qf3 Kg7 45. Qg3+ Kf6 46. Re6+ 1-0

[Event "SportAccord Blitz w 2014"]
[Site "Beijing CHN"]
[Date "2014.12.15"]
[Round "29.6"]
[White "Dzagnidze, Nana"]
[Black "Cramling, Pia"]
[Result "1-0"]
[WhiteTitle "GM"]
[BlackTitle "GM"]
[WhiteElo "2570"]
[BlackElo "2518"]
[WhiteFideId "13601903"]
[BlackFideId "1700030"]
[EventDate "2014.12.13"]

1. d4 Nf6 2. c4 e5 3. dxe5 Ne4 4. Nd2 Bb4 5. Nf3 Nc6 6. a3 Bxd2+ 7. Bxd2 Qe7 8.
Bf4 b6 9. e3 Bb7 10. Bd3 Nc5 11. O-O a5 12. Be2 a4 13. Qc2 h6 14. Rad1 O-O 15.
Qf5 Na5 16. Qh5 Be4 17. Nd4 Bg6 18. Qh3 Rad8 19. Nb5 Rc8 20. Nc3 Qe6 21. Bg4
Qxc4 22. Bxd7 Rcd8 23. Bf5 Bxf5 24. Qxf5 Ne6 25. Ne4 Rxd1 26. Rxd1 Qb3 27. Rf1
Rd8 28. Qg4 Kf8 29. Ng3 Nxf4 30. exf4 Qe6 31. Qe2 Nb3 32. Rd1 Rxd1+ 33. Qxd1 Ke8
34. h3 Qc4 35. Qg4 Qd5 36. Qc8+ Qd8 37. Qb7 Qd1+ 38. Kh2 Qd7 39. Qa8+ Ke7 40.
Qe4 Nc5 41. Qb4 Qd3 42. f5 Qc2 43. Qg4 Qxf2 44. Qxg7 Qf4 45. e6 Ne4 46. Qxf7+
Kd6 47. Qd7+ Kc5 48. Qg7 Nxg3 49. Qxg3 1-0

[Event "SportAccord Blitz w 2014"]
[Site "Beijing CHN"]
[Date "2014.12.15"]
[Round "29.7"]
[White "Zhao, Xue"]
[Black "Muzychuk, Mariya"]
[Result "1-0"]
[WhiteTitle "GM"]
[BlackTitle "IM"]
[WhiteElo "2514"]
[BlackElo "2529"]
[WhiteFideId "8601283"]
[BlackFideId "14114550"]
[EventDate "2014.12.13"]

1. d4 d5 2. c4 c6 3. Nf3 Nf6 4. Nc3 e6 5. g3 dxc4 6. Bg2 Nbd7 7. a4 Bb4 8. O-O
O-O 9. Qc2 a5 10. Na2 Nb6 11. Nxb4 axb4 12. a5 Nbd7 13. Bd2 c3 14. bxc3 bxc3 15.
Bxc3 Nd5 16. Bd2 f5 17. Rfc1 Qe7 18. Re1 N7f6 19. Ne5 Bd7 20. Nd3 Rfc8 21. Reb1
Be8 22. Nc5 Rc7 23. f3 Bg6 24. Qb3 Ra7 25. e4 fxe4 26. fxe4 Ng4 27. exd5 Bxb1
28. Rxb1 exd5 29. Re1 Qf7 30. Rf1 Qg6 31. Bxd5+ 1-0

[Event "SportAccord Blitz w 2014"]
[Site "Beijing CHN"]
[Date "2014.12.15"]
[Round "29.8"]
[White "Ju, Wenjun"]
[Black "Stefanova, Antoaneta"]
[Result "1-0"]
[WhiteTitle "GM"]
[BlackTitle "GM"]
[WhiteElo "2568"]
[BlackElo "2517"]
[WhiteFideId "8603006"]
[BlackFideId "2902257"]
[EventDate "2014.12.13"]

1. g3 d5 2. Bg2 e5 3. d3 Nc6 4. Nf3 Nf6 5. O-O h6 6. e4 dxe4 7. dxe4 Qxd1 8.
Rxd1 Bg4 9. c3 Nxe4 10. Re1 f5 11. h3 Bh5 12. g4 Bf7 13. gxf5 Nd6 14. Nxe5 Nxe5
15. Rxe5+ Be7 16. Na3 a6 17. Bf4 Kf8 18. Nc2 Rc8 19. Nd4 Bf6 20. Ne6+ Bxe6 21.
Rxe6 Nxf5 22. Bxb7 Rb8 23. Bxa6 Rxb2 24. Bxc7 Bxc3 25. Rc1 Bd4 26. Re2 Rxe2 27.
Bxe2 Ke7 28. a4 Rc8 29. Bf4 Ra8 30. Rc4 g5 31. Bd2 Ke6 32. Bd3 Ba7 33. Rc6+ Nd6
34. Ra6 Kd7 35. Bb4 Nc8 36. Bb5+ Kc7 37. Rxh6 Bb6 38. Rh7+ Kb8 39. Bc6 Ra6 40.
Rb7+ Ka8 41. Rxb6+ Ka7 42. Rxa6+ Kxa6 43. Bb5+ Kb6 44. Bd2 Nd6 45. Bxg5 1-0

[Event "SportAccord Blitz w 2014"]
[Site "Beijing CHN"]
[Date "2014.12.15"]
[Round "30.1"]
[White "Hou, Yifan"]
[Black "Zhao, Xue"]
[Result "1/2-1/2"]
[WhiteTitle "GM"]
[BlackTitle "GM"]
[WhiteElo "2673"]
[BlackElo "2514"]
[WhiteFideId "8602980"]
[BlackFideId "8601283"]
[EventDate "2014.12.13"]

1. e4 Nf6 2. Nc3 d5 3. e5 d4 4. exf6 dxc3 5. fxg7 cxd2+ 6. Qxd2 Qxd2+ 7. Bxd2
Bxg7 8. O-O-O Nc6 9. Nf3 Bd7 10. Bc4 e6 11. Rhe1 O-O-O 12. Bf4 a6 13. a3 h6 14.
g3 Kb8 15. Rd2 Bc8 16. Rxd8 Rxd8 17. Ne5 Nxe5 18. Bxe5 f6 19. Bc3 Re8 20. f4 c6
21. Be2 Kc7 22. Bh5 Rd8 23. Bg4 Re8 24. Bh5 Rd8 25. Bg4 Re8 26. Bh5 Rd8 1/2-1/2

[Event "SportAccord Blitz w 2014"]
[Site "Beijing CHN"]
[Date "2014.12.15"]
[Round "30.2"]
[White "Muzychuk, Mariya"]
[Black "Dzagnidze, Nana"]
[Result "1/2-1/2"]
[WhiteTitle "IM"]
[BlackTitle "GM"]
[WhiteElo "2529"]
[BlackElo "2570"]
[WhiteFideId "14114550"]
[BlackFideId "13601903"]
[EventDate "2014.12.13"]

1. e4 e6 2. d4 d5 3. exd5 exd5 4. Nf3 Nf6 5. h3 Bd6 6. c4 dxc4 7. Bxc4 O-O 8.
O-O h6 9. Nc3 Nc6 10. Re1 Bf5 11. Bd2 a6 12. a3 Bh7 13. d5 Ne7 14. Be3 Nf5 15.
Bd4 Nxd4 16. Qxd4 Re8 17. Bd3 Bxd3 18. Qxd3 Qd7 19. Nd4 Be5 20. Nf5 Kf8 21. Rad1
Bxc3 22. Rxe8+ Rxe8 23. bxc3 b5 24. d6 c5 25. Ne7 Rd8 26. Qe3 c4 27. Rd4 Qe6 28.
Qxe6 fxe6 29. Nc6 Rd7 30. Ne5 Rd8 31. Nc6 Rd7 32. Ne5 Rd8 33. Nc6 1/2-1/2

[Event "SportAccord Blitz w 2014"]
[Site "Beijing CHN"]
[Date "2014.12.15"]
[Round "30.3"]
[White "Cramling, Pia"]
[Black "Muzychuk, Anna"]
[Result "1-0"]
[WhiteTitle "GM"]
[BlackTitle "GM"]
[WhiteElo "2518"]
[BlackElo "2545"]
[WhiteFideId "1700030"]
[BlackFideId "14111330"]
[EventDate "2014.12.13"]

1. d4 Nf6 2. Nf3 c5 3. d5 e6 4. c4 b5 5. e4 Nxe4 6. Bd3 Nf6 7. O-O Be7 8. Nc3 b4
9. Ne4 exd5 10. cxd5 Nxe4 11. Bxe4 d6 12. Qc2 h6 13. a3 bxa3 14. Rxa3 O-O 15.
Bf4 Nd7 16. Nd2 Nb6 17. Nc4 Nxc4 18. Qxc4 Bf6 19. Bc2 h5 20. Rg3 g6 21. Bh6 Bg7
22. Bg5 Qd7 23. Re1 Rb8 24. Ba4 Qb7 25. Be7 Qxb2 26. Bxf8 Bxf8 27. Qc2 Qf6 28.
h3 Bf5 29. Qc1 Rb4 30. Bc6 a5 31. Kh2 h4 32. Rf3 Kh7 33. Qd1 Bh6 34. Kg1 c4 35.
Bd7 c3 36. Bxf5 gxf5 37. Qc2 Kg6 38. Rxc3 Bg7 39. Rc6 Rb2 40. Qd3 a4 41. Qa3 Qd4
42. Rxd6+ Kh7 43. Qe3 a3 44. Ra6 a2 45. Qf3 Bh6 46. Qxf5+ Kg7 47. Ra7 Rb1 48.
Qxf7+ 1-0

[Event "SportAccord Blitz w 2014"]
[Site "Beijing CHN"]
[Date "2014.12.15"]
[Round "30.4"]
[White "Khotenashvili, Bela"]
[Black "Kosintseva, Tatiana"]
[Result "1-0"]
[WhiteTitle "GM"]
[BlackTitle "GM"]
[WhiteElo "2504"]
[BlackElo "2483"]
[WhiteFideId "13602640"]
[BlackFideId "4133471"]
[EventDate "2014.12.13"]

1. Nf3 d5 2. c4 d4 3. g3 Nc6 4. Bg2 e5 5. d3 Nf6 6. O-O Be7 7. Bg5 O-O 8. Nbd2
a5 9. a3 a4 10. Rb1 h6 11. Bxf6 Bxf6 12. b4 axb3 13. Qxb3 Be7 14. a4 Ra7 15.
Rfc1 Be6 16. Qb5 f6 17. Nh4 Qe8 18. Nb3 Nd8 19. Nc5 Bxc5 20. Qxc5 b6 21. Qb5 Ra5
22. Qxe8 Rxe8 23. Rb4 g5 24. Nf3 Bd7 25. c5 bxc5 26. Rb8 Ne6 27. Rxe8+ Bxe8 28.
Nd2 Rxa4 29. Ne4 Kf7 30. Nxc5 Nxc5 31. Rxc5 Ra1+ 32. Bf1 c6 33. f4 Ke6 34. fxe5
fxe5 35. Kf2 Kd6 36. Rc2 c5 37. Rb2 Bc6 38. Rb8 Ra8 39. Rb6 Kc7 40. Rb2 Rf8+ 41.
Ke1 e4 42. dxe4 Bxe4 43. Rb5 Kc6 44. Ra5 Kb6 45. Ra4 Bc6 46. Ra2 c4 47. Bh3 Re8
48. Kd2 Kc5 49. Ra5+ Kb4 50. Ra6 Bb5 51. Rb6 c3+ 52. Kd1 Kc5 53. Rxb5+ Kc4 54.
Rb7 Ra8 55. Rc7+ Kb4 56. Bf5 Ra1+ 57. Kc2 Ra2+ 58. Kd1 Rd2+ 59. Ke1 Ra2 60. Bd3
Ra1+ 61. Kf2 Rh1 62. Kg2 Re1 63. h4 gxh4 64. gxh4 Rd1 65. Rc4+ Kb3 66. Rxd4 Rd2
67. Rd8 Kb2 68. Rb8+ Ka2 69. Rc8 Kb2 70. Kf3 Rd1 71. Rb8+ Ka2 72. Bc4+ Ka1 73.
Bd3 Rh1 74. Kg3 Rg1+ 75. Kh2 Re1 76. Kg3 Rg1+ 77. Kf3 Rh1 78. Rb4 Ka2 79. e4
Rh3+ 80. Ke2 Rxh4 81. Rb6 Rh2+ 82. Ke3 Rh3+ 83. Kd4 Ka3 84. Kxc3 1-0

[Event "SportAccord Blitz w 2014"]
[Site "Beijing CHN"]
[Date "2014.12.15"]
[Round "30.6"]
[White "Ushenina, Anna"]
[Black "Gunina, Valentina"]
[Result "1/2-1/2"]
[WhiteTitle "GM"]
[BlackTitle "GM"]
[WhiteElo "2494"]
[BlackElo "2522"]
[WhiteFideId "14110911"]
[BlackFideId "4167570"]
[EventDate "2014.12.13"]

1. d4 d5 2. Nf3 Nf6 3. e3 e6 4. b3 Bd6 5. Bb2 O-O 6. Bd3 Qe7 7. O-O c5 8. a3 b6
9. Nbd2 Bb7 10. Ne5 Nbd7 11. f4 Ne4 12. Nxe4 dxe4 13. Bc4 Nf6 14. f5 exf5 15.
Rxf5 Rad8 16. Qe2 Bc8 17. Rf4 Be6 18. Raf1 Bxc4 19. Qxc4 Bxe5 20. dxe5 Nd5 21.
Rxe4 Qe6 22. Qe2 f5 23. Rh4 Ne7 24. e4 Ng6 25. exf5 Rxf5 26. Rxf5 Qxf5 27. Rh5
Qe6 28. g3 h6 29. Bc3 b5 30. Qf3 b4 31. Bb2 Rd2 32. Qa8+ Kh7 33. Qe4 Qd7 34. Rf5
Rd1+ 35. Kg2 Rd2+ 36. Rf2 Rxf2+ 37. Kxf2 Qd1 38. axb4 cxb4 39. e6 Qd2+ 40. Qe2
Qd5 41. h4 Qc5+ 42. Kg2 Qd5+ 43. Kh2 Qc5 44. h5 Ne7 45. Qe4+ Kh8 46. Qe5 Qf2+
47. Kh1 Qf1+ 48. Kh2 Qf2+ 49. Kh1 Qf1+ 50. Kh2 Qf2+ 1/2-1/2

[Event "SportAccord Blitz w 2014"]
[Site "Beijing CHN"]
[Date "2014.12.15"]
[Round "30.7"]
[White "Paehtz, Elisabeth"]
[Black "Ju, Wenjun"]
[Result "0-1"]
[WhiteTitle "IM"]
[BlackTitle "GM"]
[WhiteElo "2485"]
[BlackElo "2568"]
[WhiteFideId "4641833"]
[BlackFideId "8603006"]
[EventDate "2014.12.13"]

1. e4 c5 2. Nc3 e6 3. Nf3 Nc6 4. d4 cxd4 5. Nxd4 a6 6. Nb3 Nf6 7. Bd3 d5 8. exd5
exd5 9. O-O Be7 10. Bf4 O-O 11. h3 Be6 12. Qf3 h6 13. Rad1 Qd7 14. Na4 Rad8 15.
Nb6 Qe8 16. Bc7 Nb4 17. Nd4 Bc5 18. c3 Nxd3 19. Qxd3 Bxb6 20. Bxb6 Rc8 21. Nf3
Ne4 22. Bd4 Qa4 23. a3 Rfe8 24. Nd2 Bf5 25. Nxe4 dxe4 26. Qg3 Bg6 27. Rfe1 Qb5
28. Rd2 Rcd8 29. Qe3 Kh7 30. Rde2 Bh5 31. Rd2 Bg6 32. Qg3 Rd5 33. h4 h5 34. Rde2
Rd7 35. f3 f5 36. fxe4 fxe4 37. Rf2 Rde7 38. Re3 Qc6 39. Rf4 Rd7 40. Kh2 Qd6 41.
Qg5 Qd5 42. Qg3 Qd6 43. Qf2 Rf7 44. g3 Ref8 45. Rxf7 Rxf7 46. Qg2 Qd5 47. Qe2
Rf3 48. Rxf3 exf3 49. Qe3 Qf5 50. Kg1 Qb1+ 51. Kf2 Be4 52. Qd2 Qh1 53. Ke3 Bc6
54. Qf2 Qc1+ 55. Qd2 Qb1 56. Kf2 Qe4 57. Be3 Qe6 58. Bd4 Qh3 59. Qg5 Qg2+ 60.
Ke3 Qe2+ 61. Kf4 Qe4# 0-1

[Event "SportAccord Blitz w 2014"]
[Site "Beijing CHN"]
[Date "2014.12.15"]
[Round "30.8"]
[White "Stefanova, Antoaneta"]
[Black "Koneru, Humpy"]
[Result "0-1"]
[WhiteTitle "GM"]
[BlackTitle "GM"]
[WhiteElo "2517"]
[BlackElo "2581"]
[WhiteFideId "2902257"]
[BlackFideId "5008123"]
[EventDate "2014.12.13"]

1. Nf3 d5 2. g3 Nf6 3. Bg2 e6 4. O-O b5 5. d3 Bb7 6. Nbd2 Be7 7. e4 c5 8. e5
Nfd7 9. Re1 Nc6 10. Nf1 Qc7 11. Qe2 b4 12. h4 a5 13. a4 Rc8 14. Bf4 O-O 15. h5
Rfe8 16. N1h2 Qd8 17. Ng4 h6 18. Qd2 Bf8 19. Ngh2 f6 20. exf6 Nxf6 21. g4 Bd6
22. Ne5 Bxe5 23. Bxe5 Nxe5 24. Rxe5 Nd7 25. Re2 Qf6 26. c4 bxc3 27. bxc3 Bc6 28.
f4 d4 29. c4 e5 30. Bxc6 Rxc6 31. Rae1 Rce6 32. f5 R6e7 33. Qxa5 Qh4 34. Qd2 Nf6
35. Rg2 e4 36. dxe4 Nxe4 37. Qc1 Nc3 38. Nf3 Rxe1+ 0-1